| 000 | 00606nam a22002177a 4500 | ||
|---|---|---|---|
| 005 | 20151110043855.0 | ||
| 008 | 141017b xxu||||| |||| 00| 0 eng d | ||
| 020 | _a9781133440147 | ||
| 024 | 0 | _ceng | |
| 080 | _a336.7 | ||
| 100 | _a Sellnow, Deanna;. | ||
| 245 |
_aOral and Written Communication / _cDeanna Sellnow, Ph.D.; Roxanne Mountford, Ph.D. |
||
| 250 | _a1st.ed. | ||
| 260 |
_aUnited States of America: _bWadsworth; _c2013. |
||
| 300 |
_a500 f.: _bme il.; _c27 cm. |
||
| 650 | 0 | _2Komunikimi | |
| 650 | 0 | _aMe gojë | |
| 650 | 0 | _aI shkruar | |
| 700 | 1 | _aRoxana Mountford, Ph.D. | |
| 942 |
_2udc _cBK |
||
| 999 |
_c527 _d527 |
||